[Event "Omegna op-B 2nd"]
[Site "Omegna"]
[Date "2014.08.08"]
[Round "1"]
[White "Piazza, Francesco"]
[Black "Lachat, Martin"]
[Result "1-0"]
[WhiteElo "1270"]
[BlackElo "1646"]
[PlyCount "56"]
[EventDate "2014.08.08"]
[EventType "swiss"]
[EventRounds "5"]
[EventCountry "ITA"]
[SourceTitle "EXT 2015"]
[Source "ChessBase"]
[SourceDate "2014.11.20"]
[SourceVersion "1"]
[SourceVersionDate "2014.11.20"]
[SourceQuality "1"]

1. d4 f5 2. Bg5 g6 3. e3 Bg7 4. Bc4 Nf6 5. Nc3 c6 6. Qf3 d5 7. Bb3 0-0 8. 0-0-0 a5 9. h3 b5 10. a3 b4 11. Nb1 Ne4 12. Bf4 Nd7 13. a4 e5 14. Bxe5 Nxe5 15. dxe5 Bxe5 16. Nd2 Bxb2+ 17. Kxb2 Qf6+ 18. Kb1 Nc3+ 19. Kc1 Nxa4 20. Bxa4 Qa1+ 21. Nb1 Qxa4 22. Ne2 Ba6 23. Nd4 Bc4 24. Ne6 Rf7 25. Ng5 Re7 26. Qf4 Qa1 27. Qd6 Qe5 28. Qxc6 a4 1-0

[Event "Terre degli Elimi op 3rd"]
[Site "Erice"]
[Date "2012.07.29"]
[Round "7"]
[White "Piazza, Francesco"]
[Black "Ferro, Ferruccio"]
[Result "1/2-1/2"]
[WhiteElo "1638"]
[BlackElo "1716"]
[PlyCount "55"]
[EventDate "2012.07.25"]
[EventType "swiss"]
[EventRounds "7"]
[EventCountry "ITA"]
[SourceTitle "EXT 2013"]
[Source "ChessBase"]
[SourceDate "2012.11.22"]
[SourceVersion "1"]
[SourceVersionDate "2012.11.22"]
[SourceQuality "1"]

1. d4 b6 2. e4 e6 3. Bd3 Bb7 4. Nf3 Nf6 5. Nbd2 c5 6. c3 d5 7. e5 Ne4 8. Qe2 Nxd2 9. Bxd2 Be7 10. 0-0 Nc6 11. a3 cxd4 12. cxd4 f6 13. exf6 Bxf6 14. Qxe6+ Qe7 15. Qh3 Bc8 16. Qh5+ Qf7 17. Rfe1+ Kf8 18. Qxf7+ Kxf7 19. Ng5+ Bxg5 20. Bxg5 h6 21. Be3 Re8 22. Bb5 Bd7 23. Rac1 Re6 24. Bd2 Rxe1+ 25. Rxe1 a6 26. Ba4 Re8 27. Rxe8 Bxe8 28. Bxc6 1/2-1/2

[Event "Trapani Province-ch"]
[Site "Erice"]
[Date "2012.01.29"]
[Round "5"]
[White "Krumbiegel, Michael"]
[Black "Piazza, Francesco"]
[Result "0-1"]
[WhiteElo "1491"]
[BlackElo "1608"]
[PlyCount "102"]
[EventDate "2012.01.15"]
[EventType "swiss"]
[EventRounds "6"]
[EventCountry "ITA"]
[SourceTitle "EXT 2024"]
[Source "ChessBase"]
[SourceDate "2023.10.10"]
[SourceVersion "1"]
[SourceVersionDate "2023.10.10"]
[SourceQuality "1"]

1. e4 d6 2. Bc4 e5 3. d3 Nf6 4. c3 g6 5. Qb3 Qe7 6. Nf3 Bg7 7. 0-0 0-0 8. Bg5 c6 9. Qc2 b5 10. Bb3 Bg4 11. Nbd2 Nbd7 12. d4 Bxf3 13. Nxf3 exd4 14. cxd4 Qxe4 15. Qd1 Qe8 16. Re1 Qd8 17. Re2 Re8 18. Qd3 Rxe2 19. Qxe2 Qe8 20. Be3 a6 21. Ng5 d5 22. Re1 h6 23. Nf3 Ne4 24. Nd2 f5 25. f3 Nxd2 26. Qxd2 Qf8 27. Rf1 Qf6 28. Rc1 Kh7 29. Rc2 Re8 30. Kf1 Re6 31. Bf4 Qxd4 32. Qxd4 Bxd4 33. Rd2 Bc5 34. a3 a5 35. Bc7 a4 36. Bc2 Bb6 37. Bf4 Ba5 38. Rd1 Nb6 39. h4 h5 40. g4 fxg4 41. fxg4 Rf6 42. Rd3 Rxf4+ 43. Kg2 Be1 44. Re3 Rf2+ 45. Kg1 Rxc2 46. Rxe1 Nc4 47. Re7+ Kg8 48. Rd7 d4 49. Rb7 d3 50. Rb8+ Kf7 51. Rb7+ Ke6 0-1

[Event "Trapani Province-ch"]
[Site "Erice"]
[Date "2012.01.15"]
[Round "2"]
[White "Piazza, Francesco"]
[Black "Gigante, Giovanni"]
[Result "1/2-1/2"]
[WhiteElo "1608"]
[BlackElo "1873"]
[PlyCount "49"]
[EventDate "2012.01.15"]
[EventType "swiss"]
[EventRounds "6"]
[EventCountry "ITA"]
[SourceTitle "EXT 2024"]
[Source "ChessBase"]
[SourceDate "2023.10.10"]
[SourceVersion "1"]
[SourceVersionDate "2023.10.10"]
[SourceQuality "1"]

1. d4 Nf6 2. Nf3 d6 3. Nbd2 e5 4. dxe5 dxe5 5. Nxe5 Bd6 6. Nef3 0-0 7. g3 Re8 8. Bg2 c6 9. 0-0 Be6 10. e4 Bg4 11. Re1 Na6 12. Nc4 Nxe4 13. Nxd6 Nxd6 14. Bf4 Nf5 15. c3 Ne7 16. Qc2 Ng6 17. Rxe8+ Qxe8 18. Re1 Qd8 19. Rd1 Qa5 20. b4 Qh5 21. Qe4 Nxf4 22. Qxf4 Re8 23. Rd4 Bxf3 24. Bxf3 Qh3 25. Re4 1/2-1/2

[Event "Sicilia Regional-ch"]
[Site "Marsala"]
[Date "2011.06.05"]
[Round "6"]
[White "Cerami, Giuseppe"]
[Black "Piazza, Francesco"]
[Result "1/2-1/2"]
[WhiteElo "1658"]
[BlackElo "1551"]
[PlyCount "89"]
[EventDate "2011.06.01"]
[EventType "swiss"]
[EventRounds "7"]
[EventCountry "ITA"]
[SourceTitle "EXT 2023"]
[Source "ChessBase"]
[SourceDate "2022.10.05"]
[SourceVersion "1"]
[SourceVersionDate "2022.10.05"]
[SourceQuality "1"]

1. d4 d6 2. Nf3 Nf6 3. c4 c6 4. Nc3 Bg4 5. e4 Qa5 6. Bd2 Nbd7 7. Be2 e5 8. d5 Qc7 9. 0-0 Be7 10. Rc1 0-0 11. h3 Bh5 12. Be3 a5 13. Nd2 Bxe2 14. Qxe2 Rfc8 15. b3 Nb6 16. a4 Nfd7 17. f4 f6 18. f5 cxd5 19. Qg4 Kh8 20. Rf3 Rg8 21. cxd5 Raf8 22. Rg3 g6 23. Bh6 Rf7 24. Nf3 Bf8 25. Nb5 Qd8 26. Qh4 Bxh6 27. Qxh6 gxf5 28. Nxd6 Rfg7 29. Nh4 Qf8 30. Ng6+ Rxg6 31. Rxg6 Rxg6 32. Qxf8+ Nxf8 33. Nxf5 Nfd7 34. Rc7 Rg8 35. Rxb7 Rb8 36. Ra7 Ra8 37. Rc7 Rc8 38. Rc6 Rxc6 39. dxc6 Nc5 40. Nd6 Nxb3 41. Kf2 Nc5 42. c7 Ncxa4 43. Nc4 Kg7 44. Nxa5 Nc5 45. Nc4 1/2-1/2

[Event "Sicilia Regional-ch"]
[Site "Marsala"]
[Date "2011.06.01"]
[Round "1"]
[White "Piazza, Francesco"]
[Black "Campo, Renato"]
[Result "0-1"]
[WhiteElo "1551"]
[BlackElo "1984"]
[PlyCount "82"]
[EventDate "2011.06.01"]
[EventType "swiss"]
[EventRounds "7"]
[EventCountry "ITA"]
[SourceTitle "EXT 2023"]
[Source "ChessBase"]
[SourceDate "2022.10.05"]
[SourceVersion "1"]
[SourceVersionDate "2022.10.05"]
[SourceQuality "1"]

1. d4 Nf6 2. Nf3 g6 3. Nbd2 d5 4. c4 c6 5. b3 Bg7 6. Bb2 Bf5 7. e3 Nbd7 8. Nh4 Bg4 9. Nhf3 Ne4 10. Be2 Ndf6 11. h3 Bf5 12. Bf1 0-0 13. Be2 Qa5 14. 0-0 Rac8 15. Nxe4 Nxe4 16. Bd3 Nd6 17. Bxf5 Nxf5 18. Qe1 Qxe1 19. Rfxe1 dxc4 20. bxc4 c5 21. g4 Nd6 22. Ba3 b6 23. Rac1 Ne4 24. Rc2 f5 25. gxf5 Rxf5 26. Nh4 Rh5 27. Ng2 Ng5 28. Ree2 Nxh3+ 29. Kf1 Rf5 30. dxc5 bxc5 31. f4 e5 32. Bc1 exf4 33. Nxf4 g5 34. Ke1 Nxf4 35. exf4 gxf4 36. Rf2 Re8+ 37. Kf1 Bd4 38. Rxf4 Rxf4+ 39. Bxf4 Rf8 40. Rg2+ Kh8 41. Rg4 Be5 0-1

[Event "Nicolo La Rosa op 18th"]
[Site "Mazara del Vallo"]
[Date "2010.08.22"]
[Round "8"]
[White "Piazza, Francesco"]
[Black "Guarino, Giuseppe"]
[Result "1-0"]
[WhiteElo "1392"]
[BlackElo "1515"]
[PlyCount "88"]
[EventDate "2010.08.18"]
[EventType "swiss"]
[EventRounds "9"]
[EventCountry "ITA"]
[SourceTitle "EXT 2024"]
[Source "ChessBase"]
[SourceDate "2023.10.10"]
[SourceVersion "1"]
[SourceVersionDate "2023.10.10"]
[SourceQuality "1"]

1. d4 Nf6 2. Nf3 e6 3. e3 d5 4. Bd3 c5 5. c3 Nc6 6. Nbd2 cxd4 7. cxd4 Bd6 8. Qe2 0-0 9. e4 dxe4 10. Nxe4 Bb4+ 11. Bd2 Nxd4 12. Nxd4 Bxd2+ 13. Qxd2 Qxd4 14. Nxf6+ Qxf6 15. 0-0 b6 16. Rad1 Bb7 17. Rfe1 Rac8 18. Rc1 Kh8 19. b3 Qd4 20. Rcd1 Qg4 21. Bf1 h5 22. Re3 Rcd8 23. Qxd8 Rxd8 24. Rxd8+ Kh7 25. Rd7 Bd5 26. Rxf7 a5 27. Rg3 Qd4 28. Rfxg7+ Qxg7 29. Rxg7+ Kxg7 30. f4 a4 31. Bc4 Kf6 32. Kf2 axb3 33. axb3 Be4 34. g3 e5 35. Ke3 Kf5 36. Be6+ Kxe6 37. Kxe4 exf4 38. gxf4 h4 39. h3 b5 40. b4 Kf6 41. f5 Ke7 42. Ke5 Kf7 43. f6 Ke8 44. Ke6 Kf8 1-0

[Event "Nicolo La Rosa op 18th"]
[Site "Mazara del Vallo"]
[Date "2010.08.21"]
[Round "7"]
[White "Cassia, Giuseppe"]
[Black "Piazza, Francesco"]
[Result "1-0"]
[WhiteElo "1586"]
[BlackElo "1392"]
[PlyCount "135"]
[EventDate "2010.08.18"]
[EventType "swiss"]
[EventRounds "9"]
[EventCountry "ITA"]
[SourceTitle "EXT 2024"]
[Source "ChessBase"]
[SourceDate "2023.10.10"]
[SourceVersion "1"]
[SourceVersionDate "2023.10.10"]
[SourceQuality "1"]

1. e4 d6 2. Nf3 Bg4 3. d4 Nf6 4. Nc3 c6 5. Be2 Nbd7 6. 0-0 e5 7. dxe5 Nxe5 8. Bf4 Ng6 9. Bg3 Nh5 10. Nd4 Bxe2 11. Ndxe2 Nxg3 12. Nxg3 Be7 13. Nf5 0-0 14. Qd4 Ne5 15. f4 c5 16. Qf2 Nc6 17. Nd5 Bf6 18. c3 b5 19. Rad1 g6 20. Nxf6+ Qxf6 21. Rxd6 Qh8 22. Nh6+ Kg7 23. Qh4 Nd8 24. Nf5+ Kg8 25. Qg5 Re8 26. Rfd1 Ne6 27. Ne7+ Kf8 28. Qh6+ Qg7 29. Qxg7+ Nxg7 30. Nc6 Rxe4 31. Rd8+ Re8 32. R8d5 Ne6 33. g3 a6 34. Ne5 Rac8 35. Ng4 Red8 36. Rxd8+ Rxd8 37. Rxd8+ Nxd8 38. Nf6 Kg7 39. Ne8+ Kf8 40. Nc7 a5 41. Nxb5 Ke7 42. a4 Nb7 43. Kf2 Ke6 44. b3 Nd6 45. Kf3 Nb7 46. g4 h6 47. Nc7+ Kd6 48. Nb5+ Ke6 49. Ke4 Nd6+ 50. Nxd6 Kxd6 51. h4 f6 52. b4 axb4 53. cxb4 cxb4 54. Kd4 b3 55. Kc3 Kd5 56. Kxb3 Ke4 57. g5 hxg5 58. fxg5 fxg5 59. hxg5 Kf5 60. a5 Kxg5 61. a6 Kh4 62. a7 g5 63. a8Q g4 64. Qg2 g3 65. Kc3 Kg4 66. Kd3 Kh4 67. Ke3 Kg4 68. Ke4 1-0

[Event "Nicolo La Rosa op 18th"]
[Site "Mazara del Vallo"]
[Date "2010.08.20"]
[Round "5"]
[White "Piazza, Francesco"]
[Black "Nocera, Alice"]
[Result "1-0"]
[WhiteElo "1392"]
[BlackElo "1389"]
[PlyCount "96"]
[EventDate "2010.08.18"]
[EventType "swiss"]
[EventRounds "9"]
[EventCountry "ITA"]
[SourceTitle "EXT 2024"]
[Source "ChessBase"]
[SourceDate "2023.10.10"]
[SourceVersion "1"]
[SourceVersionDate "2023.10.10"]
[SourceQuality "1"]

1. d4 Nf6 2. Nf3 d5 3. e3 g6 4. Bd3 Bg4 5. Nbd2 Nbd7 6. c3 e6 7. h3 Bf5 8. Bxf5 exf5 9. c4 Bb4 10. cxd5 Nxd5 11. a3 Ba5 12. b4 Bb6 13. Nc4 a6 14. Bb2 0-0 15. Rc1 Rc8 16. 0-0 Ba7 17. Na5 Rb8 18. Nb3 b6 19. Qe2 b5 20. Na5 Rb6 21. Nc6 Qa8 22. Nfe5 Nxe5 23. Nxe5 c6 24. Nd7 Re8 25. Nxb6 Bxb6 26. Qc2 Re6 27. Bc3 Bc7 28. Bd2 f4 29. e4 Ne7 30. d5 Rd6 31. Bxf4 Rd7 32. Bxc7 Rxc7 33. d6 Rd7 34. dxe7 Rc7 35. Qd3 Qe8 36. Qd8 Rxe7 37. Qxe8+ Rxe8 38. Rfe1 Kg7 39. Rxc6 f5 40. f3 fxe4 41. fxe4 Ra8 42. e5 Kf7 43. e6+ Ke7 44. Rc7+ Kd6 45. Rd7+ Kc6 46. Rc1+ Kb6 47. e7 Re8 48. Rcc7 a5 1-0

[Event "Nicolo La Rosa op 18th"]
[Site "Mazara del Vallo"]
[Date "2010.08.19"]
[Round "4"]
[White "Cerami, Giuseppe"]
[Black "Piazza, Francesco"]
[Result "1-0"]
[WhiteElo "1631"]
[BlackElo "1392"]
[PlyCount "79"]
[EventDate "2010.08.18"]
[EventType "swiss"]
[EventRounds "9"]
[EventCountry "ITA"]
[SourceTitle "EXT 2024"]
[Source "ChessBase"]
[SourceDate "2023.10.10"]
[SourceVersion "1"]
[SourceVersionDate "2023.10.10"]
[SourceQuality "1"]

1. b4 Nf6 2. Bb2 g6 3. Bxf6 exf6 4. a3 d5 5. d4 Bg7 6. e3 0-0 7. c4 b6 8. Nc3 Be6 9. cxd5 Bxd5 10. Rc1 a6 11. Nf3 Re8 12. Be2 f5 13. 0-0 Be6 14. Ne1 Nd7 15. d5 Bxc3 16. Rxc3 Qf6 17. Rxc7 Nf8 18. dxe6 Nxe6 19. Rc6 Kg7 20. Nd3 h5 21. Nf4 Nxf4 22. Rxf6 Nxe2+ 23. Qxe2 Kxf6 24. Rc1 Rac8 25. Rxc8 Rxc8 26. g3 b5 27. Qb2+ Kg5 28. h4+ Kg4 29. Kg2 f4 30. f3+ Kf5 31. e4+ Ke6 32. Qb3+ Rc4 33. gxf4 f5 34. a4 Ke7 35. axb5 axb5 36. Qe3 fxe4 37. fxe4 Kd6 38. Qb6+ Rc6 39. e5+ Kd5 40. Qxb5+ 1-0

[Event "Nicolo La Rosa op 18th"]
[Site "Mazara del Vallo"]
[Date "2010.08.18"]
[Round "2"]
[White "Imburgia, Giuseppe"]
[Black "Piazza, Francesco"]
[Result "1-0"]
[WhiteElo "1611"]
[BlackElo "1392"]
[PlyCount "54"]
[EventDate "2010.08.18"]
[EventType "swiss"]
[EventRounds "9"]
[EventCountry "ITA"]
[SourceTitle "EXT 2024"]
[Source "ChessBase"]
[SourceDate "2023.10.10"]
[SourceVersion "1"]
[SourceVersionDate "2023.10.10"]
[SourceQuality "1"]

1. e4 d6 2. d4 Nf6 3. Nc3 c6 4. Nf3 Qa5 5. Bd3 Bg4 6. h3 Bh5 7. g4 Bg6 8. Bd2 Nbd7 9. b4 Qc7 10. 0-0 e5 11. Re1 Be7 12. b5 0-0 13. Bg5 Qd8 14. bxc6 bxc6 15. Qd2 Ne8 16. Bxe7 Qxe7 17. Rab1 Rb8 18. a4 c5 19. Nb5 Ndf6 20. Nh4 Qb7 21. c4 a6 22. Nxd6 Qc7 23. Rxb8 Qxb8 24. Ndf5 Nd6 25. Rb1 Ndxe4 26. Qc2 Qd8 27. Bxe4 Nxg4 1-0

[Event "Erice op 1st"]
[Site "Erice"]
[Date "2010.07.29"]
[Round "2"]
[White "Piazza, Francesco"]
[Black "Ferrante, Filippo"]
[Result "1/2-1/2"]
[WhiteElo "1392"]
[BlackElo "1619"]
[PlyCount "33"]
[EventDate "2010.07.28"]
[EventType "swiss"]
[EventRounds "7"]
[EventCountry "ITA"]
[SourceTitle "EXT 2024"]
[Source "ChessBase"]
[SourceDate "2023.10.10"]
[SourceVersion "1"]
[SourceVersionDate "2023.10.10"]
[SourceQuality "1"]

1. e4 e6 2. d4 d5 3. exd5 exd5 4. Nf3 Bg4 5. Nc3 c6 6. Be2 Bd6 7. Be3 Ne7 8. h3 Bh5 9. g4 Bg6 10. Nh4 Qb6 11. Rb1 Nd7 12. Qd2 Nf6 13. Na4 Qc7 14. Nxg6 Nxg6 15. Nc5 Bf4 16. Nd3 Ne4 17. Bxf4 1/2-1/2

[Event "Nicolo La Rosa op 17th"]
[Site "Mazara del Vallo"]
[Date "2009.08.09"]
[Round "5"]
[White "Piazza, Francesco"]
[Black "Spadaro, Carmelo Alessandro"]
[Result "0-1"]
[WhiteElo "1374"]
[BlackElo "1479"]
[PlyCount "84"]
[EventDate "2009.08.07"]
[EventType "swiss"]
[EventRounds "6"]
[EventCountry "ITA"]
[SourceTitle "EXT 2011"]
[Source "ChessBase"]
[SourceDate "2010.11.26"]
[SourceVersion "1"]
[SourceVersionDate "2010.11.26"]
[SourceQuality "1"]

1. e4 c5 2. Nc3 Nc6 3. f4 e6 4. Bb5 a6 5. Bxc6 dxc6 6. b3 Nf6 7. Ba3 Be7 8. g3 b5 9. Bb2 b4 10. Na4 0-0 11. Bxf6 Bxf6 12. e5 Be7 13. Qf3 Bb7 14. 0-0-0 c4 15. Ne2 cxb3 16. axb3 Qc7 17. Qe3 c5 18. Rhf1 Rab8 19. Kb1 Rfc8 20. Ng1 Bd5 21. Rc1 Qa5 22. f5 exf5 23. Rxf5 Be6 24. Rf4 Bg5 25. Qe4 Bxf4 26. gxf4 c4 27. f5 Bd5 28. Qg4 cxb3 29. f6 bxc2+ 30. Rxc2 Ba2+ 31. Ka1 Qxe5+ 32. Kxa2 Rxc2+ 33. Kb1 Rc1+ 34. Kxc1 Qa1+ 35. Kc2 Qxa4+ 36. Kd3 Qb5+ 37. Ke3 Qe5+ 38. Kf2 Qxf6+ 39. Ke2 b3 40. Qg3 Re8+ 41. Kd1 Qf1+ 42. Qe1 Rxe1# 0-1

[Event "Sicilia Regional-ch"]
[Site "Erice"]
[Date "2009.06.01"]
[Round "4"]
[White "Piazza, Francesco"]
[Black "Mancuso, Fabrizio"]
[Result "1/2-1/2"]
[WhiteElo "1386"]
[BlackElo "1305"]
[PlyCount "44"]
[EventDate "2009.05.30"]
[EventType "swiss"]
[EventRounds "7"]
[EventCountry "ITA"]
[SourceTitle "EXT 2011"]
[Source "ChessBase"]
[SourceDate "2010.11.26"]
[SourceVersion "1"]
[SourceVersionDate "2010.11.26"]
[SourceQuality "1"]

1. e4 e5 2. Nf3 Nc6 3. Bc4 Nf6 4. Nc3 Bb4 5. d3 0-0 6. 0-0 d6 7. Bg5 Bxc3 8. bxc3 Bg4 9. h3 Bh5 10. Bd5 h6 11. Bh4 g5 12. g4 gxh4 13. Bxc6 bxc6 14. gxh5 Nxh5 15. Nh2 Qg5+ 16. Kh1 Kh8 17. Rg1 Qf6 18. Qxh5 Rg8 19. Ng4 Qf3+ 20. Kh2 Qf4+ 21. Kh1 Qf3+ 22. Kh2 Qf4+ 1/2-1/2